• 首页
  • 本馆介绍
  • 公告通知
  • 最新文献
  • 馆藏检索
  • 电子资源
  • 读者导购
  • 参考咨询
  • 我的图书馆
  • 登录
  • 详细信息显示
  • 放入我的书架
  • 预约/预借图书
  • 作者相关作品
  • 分类相关作品
  • 丛书相关作品
  • 出版社相关作品

书目信息

  • 表格格式
  • 工作单格式
  • 卡片格式
题名:
英语语调与节奏简明教程
    
 
作者: 陈文达 著
分册:  
出版信息: 上海   上海外语教育出版社  1982
页数: 76页
开本: 19cm
丛书名:
单 册:
中图分类: H311 , H31
科图分类:
主题词: 英语-语调--教材 , 语调-英语--教材 , 英语
电子资源:
ISBN:
000 00731nam0 2200277 45
001 0182001975
005 20040509085608.2
010    @dCNY0.28
091    @a7218.050
100    @a19950605d1982 em y0chiy0121 ea
101 0  @achi
102    @aCN@b310000
105    @ay z 000yy
106    @ar
200 10 @a英语语调与节奏简明教程@Aying yu yu diao yu jie zou jian ming jiao cheng@f陈文达著
210    @a上海@c上海外语教育出版社@d1982
215    @a76页@d19cm
606    @a英语-语调@x教材
606    @a语调-英语@x教材
606 0  @a英语
690    @aH311@v3
690    @aH31
701  0 @a陈文达@Achen wen da@4著
801  0 @aCN@b上海图书馆@c20040509
801  2 @aCN@bNLC@c20040509
905    @f4@b123549-552@dH31@e108
    
    英语语调与节奏简明教程/陈文达著.-上海:上海外语教育出版社,1982
    76页;19cm
    
    
    ISBN :CNY0.28
    
●
相关链接 在E读中查询图书 在五车中查询图书 在当当中查询图书 在豆瓣中查询图书


正题名:英语语调与节奏简明教程     索取号:H31/108         预约/预借

序号 登录号 条形码 馆藏地/架位号 状态 备注
1 0123540   000927518   第四借阅区/ [索取号:H31/108] 在馆    
2 0123541   000927723   第四借阅区/ [索取号:H31/108] 在馆    
3 0123542   000927689   第四借阅区/ [索取号:H31/108] 在馆    
4 0123543   000927563   第四借阅区/ [索取号:H31/108] 在馆    
5 0123544   000927607   第二样本阅览室/ [索取号:H31/108] 在馆    
唐山师范学院图书馆 欢迎您!
大连网信软件有限公司© 版权所有